Informačné a komunikačné technológie a ich využívanie pri prezentovaní firiem a regiónov študijný materiál pre projekt Využívanie informačných technológií a databázových systémov ako nástroja riadenia vo vidieckom priestore

Gespeichert in:
Bibliographische Detailangaben
1. Verfasser: Romanová, Anita, 1973-
Körperschaft: Európsko-slovenské združenie agroturizmu a turizmu
Format: Buch
Sprache:Slowakisch
Veröffentlicht: [Dudince] 2011
Schlagworte:
Tags: Tag hinzufügen
Keine Tags, Fügen Sie das erste Tag hinzu!

MARC

LEADER 00000nam$a2200000$$$4500
001 0146082
005 20240502072632.7
041 0 |a slo 
044 |a SK 
245 1 0 |a Informačné a komunikačné technológie a ich využívanie pri prezentovaní firiem a regiónov  |b študijný materiál pre projekt Využívanie informačných technológií a databázových systémov ako nástroja riadenia vo vidieckom priestore  |c Anita Romanová 
264 1 |a [Dudince]  |c 2011 
300 |a 30 s. [0,623 AH] 
500 |a Program rozvoja vidieka 2007 – 2013 
610 2 0 |a technológie informačné 
610 2 0 |a technológie komunikačné 
610 2 0 |a softvér 
610 2 0 |a prezentácia 
610 2 0 |a prezentácia firemná 
610 2 0 |a internet 
610 2 0 |a stránky webové 
610 2 0 |a regióny 
610 2 0 |a podnikanie elektronické 
610 2 0 |a obchod elektronický 
100 1 |a Romanová, Anita, 1973- 
710 2 |a Európsko-slovenské združenie agroturizmu a turizmu